000 00419nam a2200157 i 4500
001 96640
003 ES-MaACL
005 20230906181942.0
007 t|
008 050629s2002 ag ||||1| spa d
100 1 _aManegat, Julio.
_975966
245 1 3 _aEl pan y los peces /
_cJulio Manegat.
260 _aBuenos Aires :
_bPlaza & Janés,
_c1963.
300 _a345 p. ;
_c20 cm.
852 _aES-MaACL
_jC-23710
_bR.52528
999 _c96640
_d96640